Visual Kei Bands: What Year Did They Start? - Statistics

General Stats
  • This quiz has been taken 91 times
  • The average score is 9 of 15
Answer Stats
Band Year % Correct
Malice Mizer 1992
98%
Buck-Tick 1983
88%
X-Japan 1982
85%
Dir en Grey 1997
82%
the GazettE 2002
69%
Versailles 2007
66%
Golden Bomber 2004
65%
Kiryu 2007
60%
An Cafe 2003
57%
Lareine 1994
54%
D'espairsray 1999
51%
D 2003
48%
Psycho le Cému 1999
45%
Syndrome 2000
45%
Mix Speaker's, Inc. 2006
38%
No matching quizzes found
Score Distribution
Percent of People with Each Score
Percentile by Number Answered
Your Score History
You have not taken this quiz